Statistics for Marvel Rivals - Full Playable Roster

Click here to take the quiz!

General Stats

  • This quiz has been taken 16 times
  • The average score is 12 of 18

Answer Stats

Character NameClass% Correct
Black PantherDamage
100%
Bruce BannerTank
100%
Iron ManDamage
100%
Spider-ManDamage
100%
GrootTank
78%
Rocket RaccoonStrategist
78%
Star-LordDamage
78%
Doctor StrangeTank
67%
NamorDamage
67%
LokiStrategist
56%
Luna SnowStrategist
56%
MagikDamage
56%
MantisStrategist
56%
Peni ParkerTank
56%
The PunisherDamage
56%
MagnetoTank
44%
Scarlet WitchDamage
44%
StormDamage
44%

Score Distribution

Percentile by Number Answered

Percent of People with Each Score

Your Score History

You have not taken this quiz